[Event "Llinars del Valles op-A 6th"]
[Site "Llinars del Valles"]
[Date "2012.05.05"]
[Round "4"]
[White "Castellet Menchon, Cora"]
[Black "Espartero Porras, Pau"]
[Result "1-0"]
[WhiteElo "1798"]
[BlackElo "1915"]
[PlyCount "99"]
[EventDate "2012.04.14"]
[EventType "swiss"]
[EventRounds "9"]
[EventCountry "ESP"]
[SourceTitle "EXT 2013"]
[Source "ChessBase"]
[SourceDate "2012.11.22"]
[SourceVersion "1"]
[SourceVersionDate "2012.11.22"]
[SourceQuality "1"]

1. d4 d5 2. c4 e6 3. Nc3 Nf6 4. cxd5 exd5 5. Bg5 Be7 6. Qc2 c6 7. e3 Nbd7 8. Bd3 0-0 9. Nge2 Re8 10. 0-0 Nf8 11. f3 h6 12. Bh4 Ne6 13. Bf2 c5 14. dxc5 Bxc5 15. Rad1 Qe7 16. Nxd5 Nxd5 17. Bh7+ Kh8 18. Rxd5 Bd7 19. Bf5 Bc6 20. Bxe6 Bxd5 21. Bxd5 Bxe3 22. Be4 Bxf2+ 23. Rxf2 Rac8 24. Qb3 b6 25. Nc3 f6 26. g3 Qe5 27. Qb5 Rc5 28. Qd7 f5 29. f4 Qe6 30. Qxe6 Rxe6 31. Bd5 Re3 32. Rd2 g6 33. Bf7 g5 34. Rd7 gxf4 35. gxf4 Rc6 36. Rxa7 Rd3 37. Ra4 Rd2 38. Rb4 Rc7 39. Bd5 Re7 40. Kf1 Rxh2 41. Rxb6 h5 42. a4 Rh4 43. Rb4 Rg4 44. Bf3 Rh4 45. Nd5 Re6 46. a5 Rg6 47. Ne7 Rf6 48. Rb8+ Kh7 49. Nd5 Rf7 50. a6 1-0

[Event "Llinars del Valles op-A 6th"]
[Site "Llinars del Valles"]
[Date "2012.04.28"]
[Round "3"]
[White "Espartero Porras, Pau"]
[Black "Ros Bosch, Carles"]
[Result "1/2-1/2"]
[WhiteElo "1915"]
[BlackElo "1878"]
[PlyCount "62"]
[EventDate "2012.04.14"]
[EventType "swiss"]
[EventRounds "9"]
[EventCountry "ESP"]
[SourceTitle "EXT 2013"]
[Source "ChessBase"]
[SourceDate "2012.11.22"]
[SourceVersion "1"]
[SourceVersionDate "2012.11.22"]
[SourceQuality "1"]

1. d4 d5 2. c4 dxc4 3. Nf3 e6 4. Nc3 a6 5. a4 c5 6. e3 cxd4 7. exd4 Nf6 8. Bxc4 Nbd7 9. 0-0 Nb6 10. Bb3 Be7 11. Bg5 0-0 12. Rc1 Nbd5 13. Ne5 h6 14. Bh4 Nxc3 15. bxc3 Nd7 16. Nxf7 Kxf7 17. Bxe6+ Kxe6 18. Qb3+ Kf5 19. Qc2+ Ke6 20. Rfe1+ Kf7 21. Qb3+ Ke8 22. Rxe7+ Qxe7 23. Bxe7 Kxe7 24. Re1+ Kd8 25. Qe6 Kc7 26. d5 Kb8 27. Qe7 Rg8 28. a5 Nf6 29. Qd6+ Ka7 30. Rb1 Rb8 31. Qb6+ Ka8 1/2-1/2

[Event "Catalunya-chB"]
[Site "Spain"]
[Date "1996.11.24"]
[Round "8"]
[White "Paez Jerez, Alexandre"]
[Black "Espartero Porras, Pau"]
[Result "1/2-1/2"]
[WhiteElo "1925"]
[BlackElo "1970"]
[PlyCount "36"]
[EventDate "1997.??.??"]
[EventType "swiss"]
[EventRounds "8"]
[EventCountry "ESP"]
[SourceTitle "EXT 2003"]
[Source "ChessBase"]
[SourceDate "2002.11.25"]
[SourceVersion "1"]
[SourceVersionDate "2002.11.25"]
[SourceQuality "1"]

1. e4 c5 2. Nf3 d6 3. d4 cxd4 4. Nxd4 Nf6 5. Nc3 a6 6. Bd3 Nc6 7. Be3 e6 8. h3 Be7 9. f4 Qc7 10. Qd2 Nxd4 11. Bxd4 e5 12. Be3 b5 13. a3 Bb7 14. 0-0-0 Rb8 15. g4 Bc6 16. g5 Nd7 17. Nd5 Bxd5 18. exd5 Nc5 1/2-1/2